| 000 | 00468nam a22001817a 4500 | ||
|---|---|---|---|
| 003 | LC | ||
| 005 | 20160316144807.0 | ||
| 008 | 130924t xxu||||| |||| 00| 0 eng d | ||
| 020 | _a0590029630 | ||
| 050 |
_aPZ 4 _b.B4698 1968 |
||
| 082 |
_aFIC _bB43d 1968 |
||
| 100 |
_aBennett, Jay _921472 |
||
| 245 |
_aDeathman, do not follow me / _cJay Bennett.. |
||
| 260 |
_aN.Y : _bScholastic, _c1968. |
||
| 300 |
_a144 p. : _c18 cm. |
||
| 942 |
_2lcc _cAB |
||
| 999 |
_c12018 _d12018 |
||